Statistiques concernant Nations intéressantes dans Europa Universalis IV

Cliquez ici pour prendre le quiz!

Statistiques générales

  • Ce quiz a été pris 11 fois
  • Le résultat moyen est 19 sur 38

Statistiques - réponses

HintRéponse% Correct
Angleterre
90%
Autriche
90%
(L'Essor des Ottomans)Castille
90%
France
90%
Mali
90%
Ming
90%
EuropeOttomans
90%
Portugal
90%
(Les Empires du Désert)Éthiopie
80%
Maroc
80%
Moscovie
80%
Suède
80%
(Les Premières Nations)Aztèques
70%
Bourgogne
70%
Brandebourg
70%
Pologne
70%
AfriqueSonghaï
70%
Tunis
70%
Corée
60%
Kilwa
60%
Ashikaga
50%
AmériqueCuzco
40%
Timourides
40%
Aïr
30%
AsieAyutthaya
30%
Bahmanî
30%
Bengale
30%
Malacca
30%
Cherokees
20%
Kanem-Bornou
20%
(Royaumes d'Orient)Vijayanâgara
20%
Mohawks
10%
Qara Qoyunlu
10%
Ajûrân
0%
Caddos
0%
Chimus
0%
Navajos
0%
Yamana
0%

Distribution des résultats

Percentile par nombre de réponses

% des personnes avec chaque résultat

Votre développement - résultats

Vous n’avez pas pris ce quiz